00524cam a2200181 a 450000100100000000500170001000800410002704000250006808200170009310000320011024500260014226000320016830000280020049000330022865000220026165000260028383000330030900000121720200929145517.0810904s1966 sp a 000 f spa  aDO-SdBNPbspacBNPHU a863.5bV864c1 aVizcaíno, José Antonio.10aCaminos de la Mancha. aMadrid :bAlfaguara,c1966. a281 p. :bil. ;c21 cm.0 aLas botas de siete leguasv4 4aNovela española 4aLiteratura española 0aLas botas de siete laguasn4